000 00489nam a2200157 i 4500
001 92317
003 ES-MaACL
005 20230906180938.0
007 t|
008 050224s1977 sp ||||1| spa d
100 1 _aLida de Malkiel, María Rosa.
_972210
245 1 0 _aHerodes: su persona, reinado y dinastía /
_cMaría Rosa Lida de Malkiel.
260 _a[Madrid] :
_bCastalia,
_c[1977]
_a[Valencia :
_bSoler,
_c1977]
300 _a256 p. ;
_c19 cm.
852 _aES-MaACL
_jA-8715
_bR.97710
999 _c92317
_d92317